ბათუმის შოთა რუსთაველის სახელმწიფო უნივერსიტეტის ბიბლიოთეკა

მეთოდური მითითებები ფოლადის ხიდის საკურსო პროექტის დამუშავებისათვის / (ბიბ.ჩანაწერი № 39022)

000 -ლიდერი
ფიქსირებული სიგრძის საკონტროლო ველი 01129nam a2200229Ia 4500
001 - საკონტროლო ნომერი
საკონტროლო ველი 5532
003 - საკონტროლო ნომრის იდენტიფიკატორი
საკონტროლო ველი GE_BSU
005 - ბოლო ოპერაციის თარიღი და დრო
საკონტროლო ველი 20190619204501.0
008 - ფიქსირებული სიგრძის მონაცემთა ელემენტები - ზოგადი ინფორმაცია
ფიქსირებული სიგრძის საკონტროლო ველი 181216s1973||||ge |||||||||||||| ||geo||
040 ## - კატალოგიზაციის წყარო
Transcribing agency GE_BSU
041 ## - ენის კოდი
Language code of text/sound track or separate title geo
080 ## - უნივერსალური ათობითი კლასიფიკაციის ინდექსი
Universal Decimal Classification number 624.2/.8(072) ბ-72
100 ## - მთავარი ჩანაწერი - პიროვნების სახელი
Personal name ბიუსი, ი.
9 (RLIN) 471
245 ## - ცნობა სათაურის შესახებ
Title მეთოდური მითითებები ფოლადის ხიდის საკურსო პროექტის დამუშავებისათვის /
Statement of responsibility, etc ი. ბიუსი ; რედ. ე. კირვალიძე
264 ## - წარმოების, გამოცემის, დისტრიბუციის და სხვა ცნობები
გამოცემის, წარმოების, დისტრიბუციის... ადგილი თბილისი :
გამოცემის, წარმოების, დისტრიბუციის... სახელწოდება სპი,
გამოცემის, წარმოების, დისტრიბუციის... თარიღი 1973.
300 ## - ფიზიკური აღწერა
Extent 71 გვ. :
Other physical details ნახაზები ;
Dimensions 20 სმ.
504 ## - BIBLIOGRAPHY, ETC. NOTE
Bibliography, etc ბიბლიოგრ. : გვ.70.
653 ## - INDEX TERM--UNCONTROLLED
Uncontrolled term მეთოდური მითითებები ფოლადის ხიდის საკურსო პროექტის დამუშავებისათვის
653 ## - INDEX TERM--UNCONTROLLED
Uncontrolled term ფოლადის ხიდები
700 ## - ADDED ENTRY--PERSONAL NAME
Personal name კირვალიძე, ე.
Relator term რედაქტორი
9 (RLIN) 2635
942 ## - ADDED ENTRY ELEMENTS (KOHA)
Koha item type წიგნი
Source of classification or shelving scheme
ეგზემპლარები
ჩამოწერის სტატუსი დაკარგული ეგზემპლარის სტატუსი კლასიფიკაციის წყარო ან თაროზე გაწყობის სქემა დაზიანების სტატუსი არ გაიცემა მუდმივი მდებარეობა (დაცვის ადგილი) ამჟამინდელი ადგილსამყოფელი თაროზე განთავსების ადგილი შეძენის თარიღი ღირებულება, შესყიდვის ნორმალური ფასი სრული შენახვის შიფრი შტრიხკოდი ბოლო ოპერაციის თარიღი ეგზემპლარის მიმდევრობითი ნომერი (კეტერი?) ფასის ძალაში შესვლის თარიღი ეგზემპლარის სახეობა საჯარო შენიშვნა
          ტექნოლოგიური ფაკულტეტის ბიბლიოთეკა ტექნოლოგიური ფაკულტეტის ბიბლიოთეკა წიგნსაცავი 2018-12-17 0.42 624.2/.8(072) ბ-72 12378 2018-12-17 12378 2018-12-17 წიგნი 0.42 ლ.
          ტექნოლოგიური ფაკულტეტის ბიბლიოთეკა ტექნოლოგიური ფაკულტეტის ბიბლიოთეკა წიგნსაცავი 2018-12-17 0.42 624.2/.8(072) ბ-72 12379 2018-12-17 12379 2018-12-17 წიგნი 0.42 ლ.
          ტექნოლოგიური ფაკულტეტის ბიბლიოთეკა ტექნოლოგიური ფაკულტეტის ბიბლიოთეკა წიგნსაცავი 2018-12-17 0.42 624.2/.8(072) ბ-72 12380 2018-12-17 12380 2018-12-17 წიგნი 0.42 ლ.
          ტექნოლოგიური ფაკულტეტის ბიბლიოთეკა ტექნოლოგიური ფაკულტეტის ბიბლიოთეკა წიგნსაცავი 2018-12-17 0.42 624.2/.8(072) ბ-72 12381 2018-12-17 12381 2018-12-17 წიგნი 0.42 ლ.